000 00626pam a2200241 a 4500
001 3314141
005 20180119070509.0
008 840622t19841982nju b 001 0 eng
010 _a 84013466
020 _a0813510821 (pbk.) :
_c$12.00
020 _a0813509513 :
_c$27.50
040 _aDLC
_cDLC
_dDLC
041 _aeng
043 _ae-uk-en
080 _a306.0942
082 0 0 _a306.0942 WRI
_219
100 1 _a19
101 _aSHP
245 1 0 _aEnglish society, 1580-1680 /
_cKeith Wrightson.
504 _aBibliography: p. [229]-257.
906 _a7
_bcbc
_corignew
_d1
_eocip
_f19
_gy-gencatlg
942 _2ddc
_cBK
999 _c40571
_d40571